000 00479cas a22001572a 4500
001 000493
003 AR-FADEU
008 311216n############xxu####################dd
092 _aPP(364)DEL
245 _aDelincuencia : una revista interdisciplinar desde las ciencias sociales
300 _b1990 (1-2)
022 _a0214-6908
260 _bDepartamento de Teoría de la Educación. Facultad de Filosofía y Ciencias de la Educación
260 _aValencia
942 _cPPGR
999 _c2402
_d2402